000 00331nam a22001337a 4500
008 171102b xxu||||| |||| 00| 0 eng d
020 _a087757300-X
041 _aeng
080 _a339.9
100 _a59
101 _aGLO
245 _aTHE MORAL DIMENSION OF MARKETING: ESSAYS ON BUSINESS ETHICS
_cDAVIDSON,D.K
942 _2udc
_cBK
999 _c37176
_d37176